| 000 | 00589nam a2200169 i 4500 | ||
|---|---|---|---|
| 001 | 125335 | ||
| 003 | ES-MaACL | ||
| 005 | 20230906192616.0 | ||
| 007 | t| | ||
| 008 | 070605s1927 sp ||||1| spa d | ||
| 245 | 0 | 0 | _aCartilla avícola. |
| 260 |
_aMadrid : _b[s.n.], _c1927 ( _fImpr. de Cleto Vallinas) |
||
| 300 |
_a78 p. : _bil. ; _c19 cm. |
||
| 500 | _aPrecede al tít.: Ministerio de Fomento, Dirección General de Agricultura y Montes. | ||
| 710 | 1 |
_aEspaña. _bDirección General de Agricultura y Montes. _93870 |
|
| 852 |
_aES-MaACL _jA-2871(4) _q. - Encuadernado con otras obras |
||
| 999 |
_c125335 _d125335 |
||